Global Language Vocabulary- J - Statistics

General Stats
  • This quiz has been taken 61 times
  • The average score is 2 of 12
Answer Stats
Language Answer % Correct
English Joy
100%
Spanish Alegría
29%
German Freude
25%
Italian Gioia
25%
Greek Χαρά, chará
14%
Turkish Neşe
11%
Japanese 喜び, yorokobi
11%
Filipino Kagalakan
7%
Chinese (Simplified) 喜悦, xǐyuè
7%
Amharic ደስታ, desita
5%
Tamil மகிழ்ச்சி, makiḻcci
4%
Hebrew שִׂמְחָה, simhah
2%
No matching quizzes found
Score Distribution
Percent of People with Each Score
Percentile by Number Answered
Your Score History
You have not taken this quiz